Glass Menagerie (Record no. 25158)

MARC details
000 -LEADER
fixed length control field 00349nam a2200157Ia 4500
008 - FIXED-LENGTH DATA ELEMENTS--GENERAL INFORMATION
fixed length control field 220531s9999 xx 000 0 und d
041 ## - LANGUAGE CODE
Language code of text/sound track or separate title eng
245 ## - TITLE STATEMENT
Title Glass Menagerie
250 ## - EDITION STATEMENT
Edition statement 1ST
260 ## - PUBLICATION, DISTRIBUTION, ETC. (IMPRINT)
Name of publisher, distributor, etc. Rama
Date of publication, distribution, etc. 1999
300 ## - PHYSICAL DESCRIPTION
Extent 92
542 ## - INFORMATION RELATING TO COPYRIGHT STATUS
Copyright holder 10-07-2000
650 ## - SUBJECT ADDED ENTRY--TOPICAL TERM
Topical term or geographic name as entry element English
9 (RLIN) 42146
906 ## - LOCAL DATA ELEMENT F, LDF (RLIN)
d 2000-2001
f 7527
Holdings
Withdrawn status Lost status Source of classification or shelving scheme Damaged status Not for loan Collection code Home library Current library Date acquired Vendor Cost, normal purchase price Total Checkouts Total Holds Full call number Barcode Date last seen Bill Date Koha item type Original Barcode
    Dewey Decimal Classification       Shri Siddhivinayak Mahila Mahavidyalaya Shri Siddhivinayak Mahila Mahavidyalaya 10/07/2000 Varma 40.00   1 /-/B/6142 SSMM-BK-6142 06/08/2022 06/08/2022 Books 010006142